<?xml version="1.0" encoding="UTF-8"?>
<collection xmlns="http://www.loc.gov/MARC21/slim">
 <record>
  <leader>     na                 </leader>
  <controlfield tag="001">INLIS000000000001512</controlfield>
  <controlfield tag="005">20250204105113</controlfield>
  <controlfield tag="035">$a 0010-0225000001</controlfield>
  <controlfield tag="245">$a Saat maxiem bermimpi /$c Bhakti Karyono</controlfield>
  <controlfield tag="100">$a Bhakti Karyono</controlfield>
  <controlfield tag="300">$a 50 hlm : $b ilus ; $c 21.27.5 cm</controlfield>
  <controlfield tag="260">$a Jakarta :$b PT Kuart Internasional,$c 2025</controlfield>
  <controlfield tag="082">$a 050</controlfield>
  <controlfield tag="084">$a 050 BHA s</controlfield>
  <controlfield tag="022">$a 16939964</controlfield>
  <controlfield tag="990">$a MK001/2025</controlfield>
 </record>
</collection>
